00484nam a2200193 a 4500001001300000003000900013005001700022008004100039020001000080082001300090100001700103245004700120260003600167300000800203500003500211505001000246650001700256700001700273nice12345678IN_TiNIC20260116012726.0050524s1955 deha grp 000 0 urd  ac10000a201bKHA aKhan, Sardar aZindagi Ke Mushkil Masayal Ka Masihi Jawab aDehradunbMrs.Sardar Khanc1955 a62p aincludes index and biblioraphy2 aindex aChristianity1 aKhan, Sardar